| 000 | 00731nam a2200229Ia 4500 | ||
|---|---|---|---|
| 003 | GCL | ||
| 008 | 140319s9999 xx 000 0 ara d | ||
| 040 |
_aGCL / _cGCL |
||
| 082 | 0 | 4 |
_a301.412 _bك ف |
| 100 | 1 | _aكامليا فوزى الصلح | |
| 245 | 1 | 0 |
_aفى وطنى ابحث: المرأة العربية فى ميدان البحوث الاجتماعية / _cكامليا فوزى الصلح |
| 700 | 1 | _aثريا التركى | |
| 700 | 1 | _aسعاد جوزف | |
| 700 | 1 | _aسهير مرسى | |
| 300 | _a233 ص | ||
| 490 | _a | ||
| 650 | 0 | 4 | _aالاسرة |
| 650 | 0 | 4 | _aالاجتماع، علم |
| 650 | 0 | 4 | _aالمرأة العربية |
| 650 | 0 | 4 | _aالمرأة كباحثة اجتماعية |
| 942 |
_2ddc _cBK |
||
| 999 |
_c37569 _d37569 |
||